logo

Bir Sreshtho Munshi Abdur Rouf Library
Jhenaidah Cadet College

Totem and taboo : (Record no. 10240)

MARC details
000 -LEADER
fixed length control field 00919nam a2200289 a 4500
001 - CONTROL NUMBER
JCCL Control Number 10240
003 - CONTROL NUMBER IDENTIFIER
JCCL marc code BD-JhCC
005 - DATE AND TIME OF LATEST TRANSACTION
control field 20180520122553.0
008 - FIXED-LENGTH DATA ELEMENTS--GENERAL INFORMATION
fixed length control field 880808s1950 enk 000 0 eng
035 ## - SYSTEM CONTROL NUMBER
system control number (OCoLC)858552806
-- (BD-JhCC)10240
040 ## - CATALOGING SOURCE
Original cataloging agency DLC
Transcribing agency FBC
Modifying agency BD-JhCC
041 ## - LANGUAGE CODE
Language code of Book eng
082 ## - DEWEY DECIMAL CLASSIFICATION NUMBER
Author mark and Year FRE 1950
Classification number 150.1952
100 1# - MAIN ENTRY--PERSONAL NAME
Personal name Freud, Sigmund,
Dates associated with a name 1856-1939.
240 10 - UNIFORM TITLE
Uniform title Totem und Tabu
245 10 - TITLE STATEMENT
Title Totem and taboo :
Remainder of title some points of agreement between the mental lives of savages and neurotics /
Statement of responsibility, etc by Sigmund Freud ; authorized translation by James Strachey.
260 ## - PUBLICATION, DISTRIBUTION, ETC. (IMPRINT)
Place of publication, distribution, etc London :
Name of publisher, distributor, etc Routledge & Kegan Paul,
Date of publication, distribution, etc 1950.
300 ## - PHYSICAL DESCRIPTION
Pagination xi, 172 p. ;
Dimensions 19 cm.
500 ## - GENERAL NOTE
General note Translation of: Totem und tabu.
504 ## - BIBLIOGRAPHY, ETC. NOTE
Bibliography, etc Includes bibliographical references.
650 #0 - SUBJECT ADDED ENTRY--TOPICAL TERM
Topical term or geographic name as entry element Psychoanalysis.
650 #0 - SUBJECT ADDED ENTRY--TOPICAL TERM
Topical term or geographic name as entry element Taboo.
650 #0 - SUBJECT ADDED ENTRY--TOPICAL TERM
Topical term or geographic name as entry element Totemism.
700 1# - ADDED ENTRY--PERSONAL NAME
Personal name Strachey, James.
942 ## - ADDED ENTRY ELEMENTS (KOHA)
Source of classification or shelving scheme Dewey Decimal Classification
Koha item type Reference
Holdings
Source of classification or shelving scheme Damaged status Not for loan Home library Current library Shelving location Date of accession Total Checkouts Full call number Barcode Date last seen Copy number Koha item type
Dewey Decimal Classification     JCC Rouf Library JCC Rouf Library General Stacks 04/21/2018   150.1952 FRE 1950 11872 04/21/2018 C-1 Books

JCC Library | Contacts | JCC Home

Last Update on 23 September 2017
Copyright @ 2017-2020 JCC Rouf Library
Rouf Library, Jhenidah Cadet College (JCC), Bangladesh